000 01037nam a2200289 a 4500
003 OSt
005 20210818181717.0
008 870520r19921993ck a jr 0011jdspa d
020 _a9582401036
040 _aspa
_bspa
_erda
041 1 _aspa
_hfre
100 1 _aGoscinny, René,
_d1926-1977.
_eaut
245 1 4 _aLos amiguetes del pequeño Nicolás
_cRené Goscinny ; traducción de Esther Benítez ; ilustraciones de Sempé
264 0 1 _aSanta Fe de Bogotá
_bEdiciones Alfaguara
_c1992
300 _a118 páginas
_bilustraciones
_c22 cm.
336 _2rdacontent
_atxt
337 _2rdamedia
_an
338 _2rdacarrier
_anc
490 _aJuvenil Alfaguara
_v173
490 _aInfantil Alfaguara
534 _pTítulo original.
_tLe petit Nicolas et les copains.
700 1 _aBenítez Eiroa, María Esther,
_d1937-2001,
_etrl
700 1 _aSempé, Jean-Jacques,
_d1932-,
_eill
082 0 4 _a843.92
_bG676a
650 _aCuentos infantiles franceses.
942 _2ddc
_h843.92 G676a
_k843.92
_mG676a
999 _c12051
_d12051